| Tag |
First Indicator |
Second Indicator |
Subfields |
| LEADER |
00000cam a2200000 a 4500 |
| 001 |
in00001311221 |
| 005 |
20151005060724.0 |
| 007 |
hd af||||b|c| |
| 008 |
840405s1957 oku ab 000 0 eng d |
| 035 |
|
|
|a (OCoLC)10597934
|
| 035 |
|
|
|9 AHB3112AM
|
| 040 |
|
|
|a AAA
|c AAA
|d TXA
|d UtOrBLW
|
| 043 |
|
|
|a n-us-ok
|
| 049 |
|
|
|a TXAI
|
| 099 |
|
|
|a film S
|a 1525
|
| 100 |
1 |
|
|a Poulton, Helen J.
|
| 245 |
1 |
0 |
|a Analytical index and list of publications of the Oklahoma Agricultural Experiment Station :
|b 1891-1956 /
|c compiled by Helen J. Poulton.
|
| 264 |
|
1 |
|a Stillwater :
|b Oklahoma State University,
|c 1957.
|
| 300 |
|
|
|a 128 pages
|
| 336 |
|
|
|a text
|b txt
|2 rdacontent
|
| 337 |
|
|
|a microform
|b h
|2 rdamedia
|
| 338 |
|
|
|a microfilm reel
|b hd
|2 rdacarrier
|
| 533 |
|
|
|a Microfilm.
|b Wooster, Ohio :
|c Bell & Howell,
|d 1978. --
|e 1 reel ; 35 mm.
|
| 539 |
|
|
|a s
|b 1978
|d ohu
|e n
|
| 500 |
|
|
|a Microform.
|
| 610 |
2 |
0 |
|a Oklahoma Agricultural Experiment Station
|x Bibliography.
|
| 650 |
|
0 |
|a Agriculture
|z Oklahoma
|x Bibliography.
|
| 710 |
2 |
|
|a Oklahoma Agricultural Experiment Station.
|
| 999 |
|
|
|a MARS
|
| 999 |
f |
f |
|s 9e7198e9-bea0-3aad-ace4-94f675d6552f
|i ea75da3f-7c53-3a81-8aad-4622887ca2df
|t 0
|
| 952 |
f |
f |
|p default
|a Texas A&M University
|b College Station
|c Sterling C. Evans Library
|d Evans: Microforms (3rd floor)
|t 0
|e film S 1525
|h Other scheme
|i microform -- microfilm reel
|
| 998 |
f |
f |
|a film S 1525
|t 0
|l Evans: Microforms (3rd floor)
|